Economie sociale / (Record no. 157377)

MARC details
000 -LEADER
campo de control de longitud fija 00958nam a2200229 i 4500
001 - NÚMERO DE CONTROL
campo de control 157377
003 - IDENTIFICADOR DE NÚMERO DE CONTROL
campo de control ES-MaACL
005 - FECHA Y HORA DE LA ÚLTIMA TRANSACCIÓN
campo de control 20250907063117.0
008 - DATOS DE LONGITUD FIJA--INFORMACIÓN GENERAL
campo de control de longitud fija 931025s1891 fr c |||| | fre d
100 0# - ENTRADA PRINCIPAL--NOMBRE DE PERSONA
Nombre de persona Le Play, Frédéric,
Fechas asociadas al nombre 1806-1882
9 (RLIN) 70910
245 10 - MENCIÓN DEL TÍTULO
Título Economie sociale /
Mención de responsabilidad, etc. F. Le Play ; [prologue de] Auburtin.
260 ## - PUBLICACIÓN, DISTRIBUCIÓN, ETC.
Lugar de publicación, distribución, etc. Paris :
Nombre del editor, distribuidor, etc. Guillaumin et Cie,
Fecha de publicación, distribución, etc. [1891] (
Lugar de fabricación/manufactura Corbeil :
Fabricante Imp. Crété)
300 ## - DESCRIPCIÓN FÍSICA
Extensión LXXIV, 252 p., [1] h. de retr. ;
Dimensiones 15 cm.
490 1# - MENCIÓN DE SERIE
Mención de serie Petite bibliothèque économique française et étrangère
596 ## - NOTA AL PIE DE IMPRENTA
NOTA AL PIE DE IMPRENTA Catalogue Génèral des Livres Imprimés de la Bibliothèque Nationale de Paris, t. XCV, p. 353 da como fecha 1891.
599 ## - NOTA A LAS ILUSTRACIONES
NOTA A LAS ILUSTRACIONES Retrato de F. Le Play.
650 07 - PUNTO DE ACCESO ADICIONAL DE MATERIA--TÉRMINO DE MATERIA
Término de materia o nombre geográfico como elemento de entrada Economía social
Fuente del encabezamiento o término embne
9 (RLIN) 12036
700 1# - ENTRADA AGREGADA--NOMBRE PERSONAL
Nombre de persona Auburtin, Fernand.
9 (RLIN) 125744
830 0# - PUNTO DE ACCESO ADICIONAL DE SERIE-TÍTULO UNIFORME
Título uniforme Petite bibliothèque économique française et étrangère
9 (RLIN) 221778
852 ## - LOCALIZACIÓN
Ubicación ES-MaACL
Número de control de estantería D-3364
Nota libre - Enc. tela
Holdings
Estatus retirado Estado de pérdida Estado de daño No para préstamo Colección Biblioteca de origen Biblioteca actual Ubicación en estantería Fecha de adquisición Fuente de adquisición Total de préstamos Signatura topográfica completa Código de barras Visto por última vez Precio de reemplazo Tipo de ítem Koha
        Libros del s. XIX Biblioteca del Ateneo de Madrid Biblioteca del Ateneo de Madrid Sala Valle Inclán 17/01/2008     D-3364 901164694 23/02/2023 23/02/2023 Libro impreso antiguo